| 000 | 00759nam a22002417a 4500 | ||
|---|---|---|---|
| 999 |
_c101704 _d101704 |
||
| 005 | 20230406141347.0 | ||
| 010 | _aENG-115611 | ||
| 020 |
_a9789351436713 _c2795.00 |
||
| 035 | _aEN-99143 | ||
| 037 | _bDBAD/PUB | ||
| 082 | _a345.54 | ||
| 100 | _a Ratanlal | ||
| 245 |
_aRatanlal and Dhirajlal the Indian Penal Code / _cby Ratanlal [and] Dhirajlal ;Revised by KT Thomas [and] MA Rashid |
||
| 250 | _a33rd ed. | ||
| 260 |
_aGurgaon _bLexis Nexis _c2014 |
||
| 270 |
_a14th Floor, Building No.10, Tower-B, DLF Cyber City, Phase-II _bGurgaon _e122002 |
||
| 300 |
_accIxxii,3497p. _c25cm(Hb) |
||
| 500 | _aIncludes index | ||
| 700 | _aDhirajlal | ||
| 700 | _aThomas,K.T. | ||
| 700 | _aRashid.M.A. | ||
| 942 |
_2ddc _cEN _mRAT _h345.54 |
||